[Event "DEM U10 2024"]
[Site "Willingen GER"]
[Date "2024.05.20"]
[Round "3"]
[White "Alloussi, Arian"]
[Black "Naumann, Lennart"]
[Result "0-1"]
[Termination "normal"]
[Board "8"]
[WhiteElo "1697"]
[BlackElo "1707"]
[WhiteClock "00:03:00"]
[BlackClock "00:02:48"]
[PlyCount "76"]
[WhiteFideId "34637788"]
[BlackFideId "34644830"]
[EventCountry "GER"]
[EventRounds "11"]
[EventType "swiss"]
[EventDate "2024.05.18"]

1. e4 {[%clk 01:15:58]} c6 {[%clk 01:15:59]} 2. d4 {[%clk 01:16:18]} {[%emt
00:00:12]} d5 {[%clk 01:16:24]} {[%emt 00:00:04]} 3. exd5 {[%clk 01:16:43]}
{[%emt 00:00:06]} cxd5 {[%clk 01:16:47]} {[%emt 00:00:08]} 4. Bd3 {[%clk
01:17:08]} {[%emt 00:00:05]} Nc6 {[%clk 01:17:08]} {[%emt 00:00:08]} 5. c3
{[%clk 01:17:31]} {[%emt 00:00:07]} Qc7 {[%clk 01:17:33]} {[%emt 00:00:04]} 6.
h3 {[%clk 01:17:15]} {[%emt 00:00:47]} e6 {[%clk 01:17:46]} {[%emt 00:00:15]}
7. Nf3 {[%clk 01:17:09]} {[%emt 00:00:38]} Bd6 {[%clk 01:17:48]} {[%emt
00:00:27]} 8. O-O {[%clk 01:17:10]} {[%emt 00:00:30]} Nf6 {[%clk 01:15:28]}
{[%emt 00:02:50]} 9. Qe2 {[%clk 01:06:25]} {[%emt 00:11:16]} Bd7 {[%clk
01:14:32]} {[%emt 00:01:25]} 10. Re1 {[%clk 01:06:23]} {[%emt 00:00:31]} h6
{[%clk 01:11:27]} {[%emt 00:03:35]} 11. Ne5 {[%clk 01:05:11]} {[%emt 00:01:43]}
O-O {[%clk 01:08:41]} {[%emt 00:03:15]} 12. Bf4 {[%clk 00:57:04]} {[%emt
00:08:38]} Rac8 {[%clk 00:56:15]} {[%emt 00:12:56]} 13. Nd2 {[%clk 00:55:54]}
{[%emt 00:01:39]} a6 {[%clk 00:55:00]} {[%emt 00:01:46]} 14. Rac1 {[%clk
00:48:51]} {[%emt 00:07:33]} Qb8 {[%clk 00:53:00]} {[%emt 00:02:30]} 15. Qf3
{[%clk 00:42:53]} {[%emt 00:06:27]} Rfd8 {[%clk 00:37:34]} {[%emt 00:15:52]}
16. Nxc6 {[%clk 00:40:14]} {[%emt 00:03:14]} Rxc6 {[%clk 00:36:17]} {[%emt
00:01:47]} 17. Bxh6 {[%clk 00:39:36]} {[%emt 00:01:08]} gxh6 {[%clk 00:32:26]}
{[%emt 00:04:19]} 18. Qxf6 {[%clk 00:39:49]} {[%emt 00:00:19]} Bf4 {[%clk
00:30:56]} {[%emt 00:01:59]} 19. Rcd1 {[%clk 00:34:14]} {[%emt 00:06:05]} e5
{[%clk 00:29:19]} {[%emt 00:02:07]} 20. Qh4 {[%clk 00:26:35]} {[%emt 00:07:50]}
e4 {[%clk 00:28:10]} {[%emt 00:01:58]} 21. Bf1 {[%clk 00:19:35]} {[%emt
00:07:30]} Rg6 {[%clk 00:22:35]} {[%emt 00:06:05]} 22. c4 {[%clk 00:15:04]}
{[%emt 00:05:02]} Bg5 {[%clk 00:20:56]} {[%emt 00:02:08]} 23. Qg3 {[%clk
00:14:12]} {[%emt 00:01:23]} Qc8 {[%clk 00:18:08]} {[%emt 00:03:18]} 24. Qc3
{[%clk 00:12:31]} {[%emt 00:02:11]} Bxh3 {[%clk 00:13:16]} {[%emt 00:05:22]}
25. cxd5 {[%clk 00:11:41]} {[%emt 00:01:20]} Qg4 {[%clk 00:11:52]} {[%emt
00:01:53]} 26. Qg3 {[%clk 00:09:05]} {[%emt 00:03:04]} Qf5 {[%clk 00:07:27]}
{[%emt 00:04:56]} 27. Qc3 {[%clk 00:08:23]} {[%emt 00:01:10]} Bxg2 {[%clk
00:06:33]} {[%emt 00:01:27]} 28. Bxg2 {[%clk 00:08:10]} {[%emt 00:00:44]} Bxd2
{[%clk 00:06:28]} {[%emt 00:00:35]} 29. Rxd2 {[%clk 00:07:49]} {[%emt
00:00:50]} Qg5 {[%clk 00:06:46]} {[%emt 00:00:12]} 30. f4 {[%clk 00:07:08]}
{[%emt 00:01:12]} exf3 {[%clk 00:06:59]} {[%emt 00:00:39]} 31. Qc2 {[%clk
00:05:56]} {[%emt 00:01:42]} Qh4 {[%clk 00:05:32]} {[%emt 00:01:56]} 32. Re4
{[%clk 00:04:43]} {[%emt 00:01:43]} Qg3 {[%clk 00:04:13]} {[%emt 00:01:48]} 33.
Re5 {[%clk 00:03:35]} {[%emt 00:01:40]} Qf4 {[%clk 00:02:08]} {[%emt 00:02:35]}
34. b3 {[%clk 00:03:13]} {[%emt 00:00:52]} fxg2 {[%emt 00:01:30]} 35. Re1
{[%clk 00:03:08]} {[%emt 00:00:02]} Qh4 {[%clk 00:01:46]} {[%emt 00:00:26]} 36.
Rdd1 {[%clk 00:02:38]} {[%emt 00:00:59]} Qh1+ {[%clk 00:02:08]} {[%emt
00:00:07]} 37. Kf2 {[%clk 00:02:52]} {[%emt 00:00:17]} g1=Q+ {[%clk 00:02:23]}
{[%emt 00:00:15]} 38. Rxg1 {[%clk 00:03:00]} {[%emt 00:00:22]} Qh2+ {[%clk
00:02:48]} {[%emt 00:00:05]} 0-1

[Event "DEM U10 2024"]
[Site "Willingen GER"]
[Date "2024.05.20"]
[Round "3"]
[White "Meitzner, Jonathan Franz"]
[Black "Fattori Dittmar, Luca"]
[Result "1-0"]
[Termination "normal"]
[Board "9"]
[WhiteElo "1730"]
[BlackElo "1782"]
[WhiteClock "00:26:32"]
[BlackClock "00:47:27"]
[PlyCount "87"]
[WhiteFideId "34616110"]
[BlackFideId "34678883"]
[EventCountry "GER"]
[EventRounds "11"]
[EventType "swiss"]
[EventDate "2024.05.18"]

1. e4 {[%clk 01:15:56]} {[%emt 00:00:03]} e5 {[%clk 01:15:54]} {[%emt
00:00:06]} 2. Nf3 {[%clk 01:16:20]} {[%emt 00:00:06]} Nc6 {[%clk 01:16:17]}
{[%emt 00:00:08]} 3. Bc4 {[%clk 01:16:43]} {[%emt 00:00:07]} Bc5 {[%clk
01:16:40]} {[%emt 00:00:06]} 4. c3 {[%clk 01:17:06]} {[%emt 00:00:08]} Nf6
{[%clk 01:16:56]} {[%emt 00:00:14]} 5. d4 {[%clk 01:17:07]} {[%emt 00:00:29]}
exd4 {[%clk 01:17:20]} {[%emt 00:00:06]} 6. e5 {[%clk 01:17:29]} {[%emt
00:00:08]} d5 {[%clk 01:17:39]} {[%emt 00:00:11]} 7. Bb5 {[%clk 01:17:49]}
{[%emt 00:00:10]} Ne4 {[%clk 01:17:57]} {[%emt 00:00:11]} 8. cxd4 {[%clk
01:18:08]} {[%emt 00:00:12]} Bb6 {[%clk 01:18:16]} {[%emt 00:00:11]} 9. Nc3
{[%clk 01:17:45]} {[%emt 00:00:53]} Bg4 {[%clk 01:18:33]} {[%emt 00:00:13]} 10.
Be3 {[%clk 01:17:54]} {[%emt 00:00:20]} O-O {[%clk 01:18:55]} {[%emt 00:00:09]}
11. Be2 {[%clk 01:14:19]} {[%emt 00:04:03]} Nxc3 {[%clk 01:16:46]} {[%emt
00:02:41]} 12. bxc3 {[%clk 01:14:37]} {[%emt 00:00:11]} f6 {[%clk 01:16:32]}
{[%emt 00:00:43]} 13. exf6 {[%clk 01:08:34]} {[%emt 00:06:34]} Qxf6 {[%clk
01:15:28]} {[%emt 00:01:34]} 14. O-O {[%clk 01:08:25]} {[%emt 00:00:34]} Rae8
{[%clk 01:14:03]} {[%emt 00:02:00]} 15. Re1 {[%clk 01:04:32]} {[%emt 00:04:21]}
Ne7 {[%clk 01:10:03]} {[%emt 00:04:33]} 16. Ne5 {[%clk 00:58:58]} {[%emt
00:06:03]} Bxe2 {[%clk 01:08:57]} {[%emt 00:01:36]} 17. Qxe2 {[%clk 00:58:04]}
{[%emt 00:01:25]} Qd6 {[%clk 01:04:51]} {[%emt 00:04:35]} 18. Qg4 {[%clk
00:52:21]} {[%emt 00:06:11]} Nc6 {[%clk 01:03:13]} {[%emt 00:02:11]} 19. Bf4
{[%clk 00:46:25]} {[%emt 00:06:25]} Nxe5 {[%clk 01:02:05]} {[%emt 00:01:37]}
20. Bxe5 {[%emt 00:01:20]} Qe7 {[%clk 01:01:25]} {[%emt 00:01:08]} 21. Re3
{[%clk 00:43:42]} {[%emt 00:02:26]} Qf7 {[%clk 01:00:31]} {[%emt 00:01:24]} 22.
Rf1 {[%clk 00:42:24]} {[%emt 00:01:47]} g6 {[%clk 00:59:37]} {[%emt 00:01:24]}
23. h3 {[%clk 00:39:34]} {[%emt 00:03:20]} Qf5 {[%clk 00:59:34]} {[%emt
00:00:34]} 24. Qg3 {[%clk 00:32:30]} {[%emt 00:07:31]} c6 {[%clk 00:59:13]}
{[%emt 00:00:55]} 25. a3 {[%clk 00:31:12]} {[%emt 00:01:47]} Bd8 {[%clk
00:55:49]} {[%emt 00:03:55]} 26. Bd6 {[%clk 00:29:58]} {[%emt 00:01:44]} Rxe3
{[%clk 00:48:58]} {[%emt 00:07:21]} 27. Qxe3 {[%clk 00:29:48]} {[%emt
00:00:39]} Bg5 {[%clk 00:48:41]} {[%emt 00:00:46]} 28. f4 {[%clk 00:29:24]}
{[%emt 00:00:55]} Rd8 {[%clk 00:47:32]} {[%emt 00:01:39]} 29. fxg5 {[%clk
00:29:26]} {[%emt 00:00:29]} Qd7 {[%clk 00:46:48]} {[%emt 00:01:14]} 30. Qe7
{[%clk 00:22:23]} {[%emt 00:07:32]} Qxd6 {[%clk 00:45:20]} {[%emt 00:01:59]}
31. Rf8+ {[%clk 00:22:45]} {[%emt 00:00:07]} Rxf8 {[%clk 00:45:42]} {[%emt
00:00:08]} 32. Qxd6 {[%clk 00:23:11]} {[%emt 00:00:04]} Kg7 {[%clk 00:45:20]}
{[%emt 00:00:52]} 33. Qe7+ {[%clk 00:23:29]} {[%emt 00:00:13]} Rf7 {[%clk
00:45:42]} {[%emt 00:00:07]} 34. Qe5+ {[%clk 00:23:19]} {[%emt 00:00:40]} Kg8
{[%clk 00:45:55]} {[%emt 00:00:17]} 35. Kh2 {[%clk 00:23:45]} {[%emt 00:00:04]}
a6 {[%clk 00:46:05]} {[%emt 00:00:21]} 36. Kg3 {[%clk 00:24:07]} {[%emt
00:00:07]} Rf5 {[%clk 00:46:18]} {[%emt 00:00:17]} 37. Qb8+ {[%clk 00:24:14]}
{[%emt 00:00:24]} Kg7 {[%clk 00:46:17]} {[%emt 00:00:30]} 38. Qxb7+ {[%clk
00:24:40]} {[%emt 00:00:05]} Kg8 {[%clk 00:46:30]} {[%emt 00:00:16]} 39. Qxc6
{[%clk 00:25:03]} {[%emt 00:00:07]} Rxg5+ {[%clk 00:46:51]} {[%emt 00:00:09]}
40. Kh2 {[%clk 00:25:22]} {[%emt 00:00:12]} a5 {[%clk 00:46:51]} {[%emt
00:00:29]} 41. Qe8+ {[%clk 00:25:31]} {[%emt 00:00:21]} Kg7 {[%clk 00:46:58]}
{[%emt 00:00:23]} 42. Qe7+ {[%clk 00:25:56]} {[%emt 00:00:05]} Kh6 {[%clk
00:47:21]} {[%emt 00:00:07]} 43. g4 {[%clk 00:26:09]} {[%emt 00:00:16]} a4
{[%clk 00:47:27]} {[%emt 00:00:25]} 44. Qf8# {[%clk 00:26:32]} {[%emt
00:00:06]} 1-0

[Event "DEM U10 2024"]
[Site "Willingen GER"]
[Date "2024.05.20"]
[Round "3"]
[White "Ding, Jerry Yunjie"]
[Black "von Flottwell, Lionel"]
[Result "1/2-1/2"]
[Termination "normal"]
[Board "11"]
[WhiteElo "1650"]
[BlackElo "1657"]
[WhiteClock "00:01:36"]
[BlackClock "00:40:57"]
[PlyCount "181"]
[WhiteFideId "34614869"]
[BlackFideId "34632727"]
[EventCountry "GER"]
[EventRounds "11"]
[EventType "swiss"]
[EventDate "2024.05.18"]

1. d4 {[%clk 01:15:59]} d5 {[%clk 01:15:48]} {[%emt 00:00:12]} 2. c4 {[%clk
01:16:24]} {[%emt 00:00:05]} e6 {[%clk 01:16:06]} {[%emt 00:00:12]} 3. Nc3
{[%clk 01:16:44]} {[%emt 00:00:10]} Nf6 {[%clk 01:16:24]} {[%emt 00:00:13]} 4.
cxd5 {[%clk 01:17:09]} {[%emt 00:00:05]} exd5 {[%clk 01:16:36]} {[%emt
00:00:18]} 5. Bg5 {[%clk 01:17:30]} {[%emt 00:00:09]} Nbd7 {[%clk 01:16:50]}
{[%emt 00:00:16]} 6. e3 {[%clk 01:16:37]} {[%emt 00:01:23]} c6 {[%clk
01:16:52]} {[%emt 00:00:27]} 7. Bd3 {[%clk 01:16:58]} {[%emt 00:00:09]} h6
{[%clk 01:17:04]} {[%emt 00:00:18]} 8. Bf4 {[%clk 01:16:58]} {[%emt 00:00:30]}
Be7 {[%clk 01:16:23]} {[%emt 00:01:11]} 9. h3 {[%clk 01:17:03]} {[%emt
00:00:25]} O-O {[%clk 01:16:46]} {[%emt 00:00:08]} 10. Nf3 {[%clk 01:17:25]}
{[%emt 00:00:08]} Re8 {[%clk 01:17:02]} {[%emt 00:00:14]} 11. Qc2 {[%clk
01:17:03]} {[%emt 00:00:51]} Bb4 {[%clk 01:16:49]} {[%emt 00:00:44]} 12. O-O
{[%clk 01:15:43]} {[%emt 00:01:49]} Bxc3 {[%clk 01:16:50]} {[%emt 00:00:30]}
13. Qxc3 {[%clk 01:15:48]} {[%emt 00:00:25]} Ne4 {[%clk 01:17:05]} {[%emt
00:00:15]} 14. Qc2 {[%clk 01:15:44]} {[%emt 00:00:34]} Ndf6 {[%clk 01:17:21]}
{[%emt 00:00:14]} 15. b4 {[%clk 01:11:57]} {[%emt 00:04:17]} Bf5 {[%clk
01:16:20]} {[%emt 00:01:30]} 16. Ne5 {[%clk 01:09:26]} {[%emt 00:03:01]} Nh5
{[%clk 01:15:21]} {[%emt 00:01:28]} 17. f3 {[%clk 01:06:44]} {[%emt 00:03:14]}
Nxf4 {[%clk 01:09:47]} {[%emt 00:06:03]} 18. exf4 {[%clk 01:06:48]} {[%emt
00:00:25]} Qb6 {[%clk 01:08:05]} {[%emt 00:02:13]} 19. fxe4 {[%clk 00:54:31]}
{[%emt 00:12:47]} Qxd4+ {[%clk 01:08:22]} {[%emt 00:00:13]} 20. Qf2 {[%clk
00:52:58]} {[%emt 00:02:03]} Qxf2+ {[%clk 01:07:36]} {[%emt 00:01:17]} 21. Rxf2
{[%clk 00:52:07]} {[%emt 00:01:21]} Bxe4 {[%emt 00:00:29]} 22. Bxe4 {[%clk
00:52:03]} {[%emt 00:00:32]} dxe4 {[%clk 01:08:00]} {[%emt 00:00:09]} 23. Re2
{[%clk 00:51:34]} {[%emt 00:00:59]} f6 {[%clk 01:07:16]} {[%emt 00:01:13]} 24.
Nc4 {[%clk 00:50:48]} {[%emt 00:01:15]} Rad8 {[%clk 01:04:26]} {[%emt
00:03:21]} 25. Rd2 {[%clk 00:46:06]} {[%emt 00:05:12]} Rd5 {[%clk 01:00:22]}
{[%emt 00:04:35]} 26. Re1 {[%clk 00:32:58]} {[%emt 00:13:38]} Red8 {[%clk
00:56:35]} {[%emt 00:04:17]} 27. Rxd5 {[%clk 00:25:10]} {[%emt 00:08:17]} cxd5
{[%clk 00:56:26]} {[%emt 00:00:40]} 28. Na5 {[%clk 00:22:23]} {[%emt 00:03:17]}
Rd7 {[%clk 00:55:08]} {[%emt 00:01:47]} 29. Kf2 {[%clk 00:19:55]} {[%emt
00:02:58]} f5 {[%clk 00:54:58]} {[%emt 00:00:40]} 30. Rd1 {[%clk 00:17:30]}
{[%emt 00:02:55]} Kf7 {[%clk 00:51:41]} {[%emt 00:03:48]} 31. Nc4 {[%clk
00:16:12]} {[%emt 00:01:48]} Ke6 {[%clk 00:50:50]} {[%emt 00:01:20]} 32. Nd2
{[%clk 00:08:43]} {[%emt 00:07:59]} b6 {[%clk 00:50:42]} {[%emt 00:00:39]} 33.
Nb3 {[%clk 00:08:30]} {[%emt 00:00:43]} Rc7 {[%clk 00:45:25]} {[%emt 00:05:46]}
34. Rc1 {[%clk 00:06:51]} {[%emt 00:02:09]} Rxc1 {[%clk 00:45:18]} {[%emt
00:00:37]} 35. Nxc1 {[%clk 00:07:15]} {[%emt 00:00:06]} d4 {[%clk 00:45:42]}
{[%emt 00:00:07]} 36. Ke2 {[%clk 00:07:21]} {[%emt 00:00:24]} Kd5 {[%clk
00:45:54]} {[%emt 00:00:18]} 37. Kd2 {[%clk 00:04:09]} {[%emt 00:03:41]} Kc4
{[%clk 00:45:59]} {[%emt 00:00:25]} 38. Nb3 {[%clk 00:02:01]} {[%emt 00:02:38]}
d3 {[%clk 00:44:41]} {[%emt 00:01:47]} 39. b5 {[%clk 00:02:06]} {[%emt
00:00:26]} h5 {[%clk 00:43:59]} {[%emt 00:01:12]} 40. h4 {[%clk 00:02:19]}
{[%emt 00:00:16]} g6 {[%clk 00:44:17]} {[%emt 00:00:14]} 41. g3 {[%clk
00:01:30]} {[%emt 00:01:18]} Kxb5 {[%clk 00:43:54]} {[%emt 00:00:53]} 42. Nd4+
{[%clk 00:01:51]} {[%emt 00:00:09]} Kc4 {[%clk 00:43:50]} {[%emt 00:00:34]} 43.
Nc6 {[%clk 00:02:03]} {[%emt 00:00:18]} a5 {[%clk 00:43:50]} {[%emt 00:00:31]}
44. Ne5+ {[%clk 00:02:24]} {[%emt 00:00:09]} Kd4 {[%clk 00:43:23]} {[%emt
00:00:56]} 45. Nc6+ {[%clk 00:01:53]} {[%emt 00:01:00]} Kd5 {[%clk 00:43:46]}
{[%emt 00:00:08]} 46. Ne7+ {[%clk 00:15:02]} {[%emt 00:02:21]} Kc4 {[%clk
00:58:20]} {[%emt 00:00:57]} 47. Nxg6 {[%clk 00:09:19]} {[%emt 00:06:12]} Kd4
{[%clk 00:58:36]} {[%emt 00:00:15]} 48. Ne7 {[%clk 00:09:26]} {[%emt 00:00:23]}
e3+ {[%clk 00:58:57]} {[%emt 00:00:09]} 49. Kd1 {[%clk 00:09:33]} {[%emt
00:00:22]} Ke4 {[%clk 00:57:49]} {[%emt 00:01:38]} 50. Nc6 {[%clk 00:09:04]}
{[%emt 00:01:00]} Kf3 {[%clk 00:55:43]} {[%emt 00:02:35]} 51. Ne5+ {[%clk
00:09:08]} {[%emt 00:00:25]} Ke4 {[%clk 00:53:30]} {[%emt 00:02:44]} 52. Nc6
{[%clk 00:08:47]} {[%emt 00:00:51]} e2+ {[%clk 00:52:19]} {[%emt 00:01:41]} 53.
Kd2 {[%clk 00:08:57]} {[%emt 00:00:20]} Kf3 {[%clk 00:48:50]} {[%emt 00:04:00]}
54. Ne5+ {[%clk 00:09:18]} {[%emt 00:00:08]} Kxg3 {[%clk 00:48:59]} {[%emt
00:00:20]} 55. Nxd3 {[%clk 00:09:34]} {[%emt 00:00:15]} Kxh4 {[%clk 00:49:16]}
{[%emt 00:00:13]} 56. Kxe2 {[%clk 00:09:58]} {[%emt 00:00:06]} Kg3 {[%clk
00:49:30]} {[%emt 00:00:16]} 57. Ke3 {[%clk 00:07:46]} {[%emt 00:02:42]} h4
{[%clk 00:49:32]} {[%emt 00:00:28]} 58. Ne5 {[%clk 00:08:02]} {[%emt 00:00:14]}
h3 {[%clk 00:49:37]} {[%emt 00:00:25]} 59. Nf3 {[%clk 00:08:25]} {[%emt
00:00:08]} h2 {[%clk 00:49:37]} {[%emt 00:00:29]} 60. Nxh2 {[%clk 00:08:22]}
{[%emt 00:00:33]} Kxh2 {[%clk 00:49:59]} {[%emt 00:00:08]} 61. Kd4 {[%clk
00:08:16]} {[%emt 00:00:45]} Kg3 {[%clk 00:49:54]} {[%emt 00:00:35]} 62. Ke5
{[%clk 00:08:03]} {[%emt 00:00:43]} Kg4 {[%clk 00:50:13]} {[%emt 00:00:11]} 63.
a4 {[%clk 00:08:10]} {[%emt 00:00:23]} b5 {[%clk 00:49:18]} {[%emt 00:01:25]}
64. axb5 {[%clk 00:08:29]} {[%emt 00:00:11]} a4 {[%clk 00:49:42]} {[%emt
00:00:07]} 65. b6 {[%clk 00:08:55]} {[%emt 00:00:03]} a3 {[%clk 00:50:07]}
{[%emt 00:00:05]} 66. b7 {[%clk 00:09:16]} {[%emt 00:00:09]} a2 {[%clk
00:50:31]} {[%emt 00:00:06]} 67. b8=Q {[%clk 00:11:38]} {[%emt 00:00:20]} a1=Q+
{[%clk 00:50:33]} {[%emt 00:01:10]} 68. Ke6 {[%clk 00:11:53]} {[%emt 00:00:24]}
Qa6+ {[%clk 00:48:54]} {[%emt 00:02:09]} 69. Ke5 {[%clk 00:10:10]} {[%emt
00:02:14]} Qd3 {[%clk 00:47:38]} {[%emt 00:01:45]} 70. Qb7 {[%clk 00:02:14]}
{[%emt 00:08:26]} Qe3+ {[%clk 00:47:23]} {[%emt 00:00:46]} 71. Kf6 {[%clk
00:02:36]} {[%emt 00:00:08]} Qd4+ {[%clk 00:46:31]} {[%emt 00:01:21]} 72. Kg6
{[%clk 00:00:55]} {[%emt 00:02:12]} Kxf4 {[%clk 00:46:23]} {[%emt 00:00:38]}
73. Qc7+ {[%clk 00:01:18]} {[%emt 00:00:07]} Kg4 {[%clk 00:46:25]} {[%emt
00:00:27]} 74. Qe7 {[%clk 00:00:59]} {[%emt 00:00:49]} f4 {[%clk 00:45:10]}
{[%emt 00:01:45]} 75. Qg5+ {[%clk 00:01:10]} {[%emt 00:00:19]} Kf3 {[%clk
00:45:28]} {[%emt 00:00:13]} 76. Qh5+ {[%clk 00:01:34]} {[%emt 00:00:06]} Ke3
{[%clk 00:44:48]} {[%emt 00:01:09]} 77. Qh3+ {[%clk 00:01:42]} {[%emt
00:00:22]} f3 {[%clk 00:45:04]} {[%emt 00:00:15]} 78. Qh6+ {[%clk 00:01:17]}
{[%emt 00:00:54]} Qf4 {[%clk 00:45:06]} {[%emt 00:00:28]} 79. Qh5 {[%clk
00:01:04]} {[%emt 00:00:43]} Ke4 {[%clk 00:45:01]} {[%emt 00:00:35]} 80. Qc5
{[%clk 00:00:48]} {[%emt 00:00:47]} Qg4+ {[%clk 00:45:12]} {[%emt 00:00:19]}
81. Kf6 {[%clk 00:00:54]} {[%emt 00:00:24]} Qh4+ {[%clk 00:44:47]} {[%emt
00:00:55]} 82. Kg6 {[%clk 00:01:06]} {[%emt 00:00:17]} Qg3+ {[%clk 00:44:56]}
{[%emt 00:00:22]} 83. Kf6 {[%clk 00:01:26]} {[%emt 00:00:10]} Qf4+ {[%clk
00:44:00]} {[%emt 00:01:25]} 84. Kg6 {[%clk 00:01:41]} {[%emt 00:00:16]} Qe5
{[%clk 00:43:25]} {[%emt 00:01:04]} 85. Qc4+ {[%clk 00:01:56]} {[%emt
00:00:16]} Qd4 {[%clk 00:42:30]} {[%emt 00:01:24]} 86. Qc2+ {[%clk 00:02:08]}
{[%emt 00:00:18]} Qd3 {[%clk 00:42:46]} {[%emt 00:00:15]} 87. Qc6+ {[%clk
00:02:22]} {[%emt 00:00:15]} Ke3+ {[%clk 00:42:44]} {[%emt 00:00:32]} 88. Kg5
{[%clk 00:02:24]} {[%emt 00:00:28]} Ke2 {[%clk 00:42:43]} {[%emt 00:00:32]} 89.
Kg4 {[%clk 00:01:39]} {[%emt 00:01:14]} Qd4+ {[%clk 00:41:47]} {[%emt
00:01:26]} 90. Kg3 {[%clk 00:01:32]} {[%emt 00:00:38]} f2 {[%clk 00:40:57]}
{[%emt 00:01:19]} 91. Qc2+ {[%clk 00:01:36]} {[%emt 00:00:25]} 1/2-1/2

[Event "DEM U10 2024"]
[Site "Willingen GER"]
[Date "2024.05.20"]
[Round "3"]
[White "Schmidt, Alexander Nadvid"]
[Black "Zielke, Mika"]
[Result "1-0"]
[Termination "normal"]
[Board "12"]
[WhiteElo "1679"]
[BlackElo "1589"]
[WhiteClock "00:35:16"]
[BlackClock "00:00:39"]
[PlyCount "61"]
[WhiteFideId "34661360"]
[BlackFideId "34661816"]
[EventCountry "GER"]
[EventRounds "11"]
[EventType "swiss"]
[EventDate "2024.05.18"]

1. e4 {[%clk 01:15:57]} {[%emt 00:00:01]} e5 {[%clk 01:15:51]} {[%emt
00:00:10]} 2. Nf3 {[%clk 01:16:19]} {[%emt 00:00:09]} Nc6 {[%clk 01:16:12]}
{[%emt 00:00:09]} 3. Bc4 {[%clk 01:16:40]} {[%emt 00:00:08]} Nf6 {[%clk
01:16:15]} {[%emt 00:00:27]} 4. d4 {[%clk 01:16:59]} {[%emt 00:00:11]} exd4
{[%clk 01:11:07]} {[%emt 00:05:39]} 5. O-O {[%clk 01:17:06]} {[%emt 00:00:22]}
Be7 {[%clk 01:06:25]} {[%emt 00:05:12]} 6. Nxd4 {[%clk 01:14:20]} {[%emt
00:03:16]} O-O {[%clk 01:02:35]} {[%emt 00:04:19]} 7. Nf5 {[%clk 01:14:06]}
{[%emt 00:00:44]} d6 {[%clk 00:56:49]} {[%emt 00:06:16]} 8. Bg5 {[%clk
01:11:51]} {[%emt 00:02:45]} Nxe4 {[%clk 00:47:44]} {[%emt 00:09:36]} 9. Bxe7
{[%clk 01:10:38]} {[%emt 00:01:43]} Nxe7 {[%clk 00:46:48]} {[%emt 00:01:26]}
10. Nxe7+ {[%clk 01:10:09]} {[%emt 00:00:59]} Qxe7 {[%clk 00:45:19]} {[%emt
00:02:00]} 11. Re1 {[%clk 01:10:03]} {[%emt 00:00:34]} c6 {[%clk 00:45:03]}
{[%emt 00:00:47]} 12. Bd3 {[%clk 01:08:46]} {[%emt 00:01:44]} d5 {[%clk
00:43:54]} {[%emt 00:01:42]} 13. c4 {[%clk 01:03:19]} {[%emt 00:05:56]} f5
{[%clk 00:36:04]} {[%emt 00:08:21]} 14. Re2 {[%clk 00:48:09]} {[%emt 00:15:41]}
Qf6 {[%clk 00:31:04]} {[%emt 00:05:28]} 15. Bxe4 {[%clk 00:47:14]} {[%emt
00:01:26]} dxe4 {[%clk 00:29:06]} {[%emt 00:02:28]} 16. Nd2 {[%clk 00:46:12]}
{[%emt 00:01:32]} Rd8 {[%clk 00:27:49]} {[%emt 00:01:46]} 17. Qc2 {[%clk
00:46:20]} {[%emt 00:00:22]} b6 {[%clk 00:26:13]} {[%emt 00:02:07]} 18. f3
{[%clk 00:46:28]} {[%emt 00:00:22]} e3 {[%clk 00:19:52]} {[%emt 00:06:51]} 19.
Rxe3 {[%clk 00:45:43]} {[%emt 00:01:13]} Qd4 {[%clk 00:19:56]} {[%emt
00:00:28]} 20. Rae1 {[%clk 00:46:07]} {[%emt 00:00:06]} Qxd2 {[%clk 00:15:01]}
{[%emt 00:05:25]} 21. Qb3 {[%clk 00:40:12]} {[%emt 00:06:25]} c5 {[%clk
00:13:17]} {[%emt 00:02:14]} 22. Re7 {[%clk 00:37:25]} {[%emt 00:03:16]} Qd4+
{[%clk 00:12:15]} {[%emt 00:01:32]} 23. Kh1 {[%clk 00:37:18]} {[%emt 00:00:38]}
Rd7 {[%clk 00:07:54]} {[%emt 00:04:51]} 24. Re8+ {[%clk 00:36:58]} {[%emt
00:00:51]} Kf7 {[%clk 00:08:11]} {[%emt 00:00:12]} 25. Qc2 {[%clk 00:36:52]}
{[%emt 00:00:33]} Qd3 {[%clk 00:07:18]} {[%emt 00:01:27]} 26. Qf2 {[%clk
00:36:29]} {[%emt 00:00:52]} Bb7 {[%clk 00:05:24]} {[%emt 00:02:25]} 27. R8e5
{[%clk 00:36:01]} {[%emt 00:00:57]} g5 {[%clk 00:02:51]} {[%emt 00:03:04]} 28.
Qg3 {[%clk 00:35:56]} {[%emt 00:00:32]} g4 {[%clk 00:01:04]} {[%emt 00:02:19]}
29. Qh4 {[%clk 00:35:25]} {[%emt 00:01:00]} Qd6 {[%clk 00:00:35]} {[%emt
00:01:00]} 30. Qxh7+ {[%clk 00:35:16]} {[%emt 00:00:39]} Kf6 {[%clk 00:00:39]}
{[%emt 00:00:27]} 31. Rxf5# {[%emt 00:00:11]} 1-0